PANDU, PANDU, PANDU(MALAYALAM) (Record no. 9022)
[ view plain ]
| 000 -LEADER | |
|---|---|
| fixed length control field | 00337nam a22001337a 4500 |
| 082 ## - DEWEY DECIMAL CLASSIFICATION NUMBER | |
| Classification number | 894.812.3 |
| Item number | HAR/P |
| 100 ## - MAIN ENTRY--AUTHOR NAME | |
| Personal name | HARIDAS, MAHESH |
| 245 ## - TITLE STATEMENT | |
| Title | PANDU, PANDU, PANDU(MALAYALAM) |
| 246 ## - VARYING FORM OF TITLE | |
| Title proper/short title | PANDU, PANDU, PANDU |
| Remainder of title | PANDU, PANDU, PANDU |
| 260 ## - PUBLICATION, DISTRIBUTION, ETC. (IMPRINT) | |
| Place of publication | THRISSUR |
| Name of publisher | GREEN BOOKS |
| Year of publication | 2022 |
| 300 ## - PHYSICAL DESCRIPTION | |
| Number of Pages | 144 |
| 650 ## - SUBJECT ADDED ENTRY--TOPICAL TERM | |
| Topical Term | MALAYALAM STORY |
| 942 ## - ADDED ENTRY ELEMENTS (KOHA) | |
| Koha item type | Books |
| Withdrawn status | Lost status | Collection code | Home library | Current library | Shelving location | Date acquired | Source of acquisition | Cost, normal purchase price | Full call number | Accession Number | Koha item type |
|---|---|---|---|---|---|---|---|---|---|---|---|
| Fiction | Main Library | Main Library | NEW SHELF WITH NEW ENTRY | 16/11/2024 | PURCHASED | 190.00 | 894.812.3 HAR/P | 13751 | Books |